[Event "CZE-chT2D 1920"]
[Site "Czech Republic"]
[Date "2020.06.27"]
[Round "10.1"]
[White "Prandstetter, Eduard"]
[Black "Trhal, Tomas"]
[Result "1-0"]
[WhiteElo "2225"]
[BlackElo "2068"]
[PlyCount "53"]
[EventDate "2019.10.13"]
[EventType "team-tourn"]
[EventRounds "11"]
[EventCountry "CZE"]
[SourceTitle "EXT 2024"]
[Source "ChessBase"]
[SourceDate "2023.10.10"]
[SourceVersion "1"]
[SourceVersionDate "2023.10.10"]
[SourceQuality "1"]
[WhiteTeam "Pardubice Rapid"]
[BlackTeam "Chrudim"]
[WhiteTeamCountry "CZE"]
[BlackTeamCountry "CZE"]

1. e4 c5 2. Nf3 d6 3. d4 cxd4 4. Nxd4 Nf6 5. Nc3 a6 6. Be2 e6 7. 0-0 Be7 8. f4 Nc6 9. Be3 0-0 10. Kh1 Bd7 11. Qe1 b5 12. a3 Rc8 13. Qg3 Ne8 14. Bd3 g6 15. Nxc6 Bxc6 16. f5 Ng7 17. fxe6 fxe6 18. Rxf8+ Bxf8 19. Rf1 Qd7 20. Qh3 Be7 21. Ne2 e5 22. Qxd7 Bxd7 23. Nc3 Ne6 24. Nd5 Bd8 25. Bh6 Bc6 26. Be2 Nf4 27. Bg4 1-0

[Event "CZE-chT2D 1920"]
[Site "Czech Republic"]
[Date "2020.02.23"]
[Round "9.1"]
[White "Prandstetter, Eduard"]
[Black "Zapletal, Jiri"]
[Result "1-0"]
[WhiteElo "2225"]
[BlackElo "2018"]
[PlyCount "53"]
[EventDate "2019.10.13"]
[EventType "team-tourn"]
[EventRounds "11"]
[EventCountry "CZE"]
[SourceTitle "EXT 2024"]
[Source "ChessBase"]
[SourceDate "2023.10.10"]
[SourceVersion "1"]
[SourceVersionDate "2023.10.10"]
[SourceQuality "1"]
[WhiteTeam "Pardubice Rapid"]
[BlackTeam "Zabreh"]
[WhiteTeamCountry "CZE"]
[BlackTeamCountry "CZE"]

1. e4 d6 2. d4 Nf6 3. Nc3 c6 4. g3 Qc7 5. Bg2 e5 6. Nge2 Be7 7. 0-0 0-0 8. a4 a5 9. h3 Na6 10. Be3 b6 11. g4 Nb4 12. Ng3 Ba6 13. Re1 g6 14. Qd2 Rad8 15. f4 c5 16. d5 exf4 17. Bxf4 Nd7 18. Nb5 Bxb5 19. axb5 Bf6 20. c3 Rfe8 21. cxb4 axb4 22. Rac1 Qb8 23. Kh1 Ne5 24. Rf1 Qb7 25. Bg5 Bxg5 26. Qxg5 Qd7 27. Nh5 1-0

[Event "CZE-chT2D 1920"]
[Site "Czech Republic"]
[Date "2020.01.26"]
[Round "7.1"]
[White "Prandstetter, Eduard"]
[Black "Sabol, Marian"]
[Result "1/2-1/2"]
[WhiteElo "2225"]
[BlackElo "2278"]
[PlyCount "23"]
[EventDate "2019.10.13"]
[EventType "team-tourn"]
[EventRounds "11"]
[EventCountry "CZE"]
[SourceTitle "EXT 2024"]
[Source "ChessBase"]
[SourceDate "2023.10.10"]
[SourceVersion "1"]
[SourceVersionDate "2023.10.10"]
[SourceQuality "1"]
[WhiteTeam "Pardubice Rapid"]
[BlackTeam "Vysoke Myto"]
[WhiteTeamCountry "CZE"]
[BlackTeamCountry "CZE"]

1. e4 c5 2. Nf3 d6 3. d4 cxd4 4. Nxd4 Nf6 5. Nc3 a6 6. Be2 e6 7. 0-0 Be7 8. f4 0-0 9. Kh1 Qc7 10. a4 Nc6 11. Be3 Bd7 12. Nb3 1/2-1/2

[Event "CZE-chT2D 1920"]
[Site "Czech Republic"]
[Date "2019.12.15"]
[Round "5.1"]
[White "Prandstetter, Eduard"]
[Black "Cech, Pavel"]
[Result "1/2-1/2"]
[WhiteElo "2225"]
[BlackElo "2330"]
[PlyCount "66"]
[EventDate "2019.10.13"]
[EventType "team-tourn"]
[EventRounds "11"]
[EventCountry "CZE"]
[SourceTitle "EXT 2024"]
[Source "ChessBase"]
[SourceDate "2023.10.10"]
[SourceVersion "1"]
[SourceVersionDate "2023.10.10"]
[SourceQuality "1"]
[WhiteTeam "Pardubice Rapid"]
[BlackTeam "Nachod Snezka"]
[WhiteTeamCountry "CZE"]
[BlackTeamCountry "CZE"]

1. e4 e6 2. d4 d5 3. exd5 exd5 4. Nf3 Nf6 5. Bd3 Bg4 6. 0-0 Be7 7. h3 Bh5 8. Bf4 0-0 9. c3 Nbd7 10. Nbd2 c5 11. dxc5 Nxc5 12. Bc2 Qb6 13. Nb3 Rad8 14. Be3 Nfe4 15. Nxc5 Bxc5 16. Bxc5 Nxc5 17. Rb1 Rfe8 18. g4 Bg6 19. Bxg6 Qxg6 20. Nd4 h5 21. f3 Re5 22. Qd2 Rde8 23. Rbe1 Qd3 24. Qxd3 Nxd3 25. Rxe5 Rxe5 26. Rd1 Nf4 27. h4 hxg4 28. fxg4 Re4 29. Kf2 Ng6 30. Kg3 Re3+ 31. Kf2 Re4 32. Kg3 Re3+ 33. Kf2 Re4 1/2-1/2

[Event "CZE-chT2D 1819"]
[Site "Czech Republic"]
[Date "2019.02.24"]
[Round "9.1"]
[White "Jedlicka, Ales"]
[Black "Prandstetter, Eduard"]
[Result "1/2-1/2"]
[WhiteElo "2213"]
[BlackElo "2221"]
[PlyCount "175"]
[EventDate "2018.10.14"]
[EventType "team-tourn"]
[EventRounds "11"]
[EventCountry "CZE"]
[SourceTitle "EXT 2022"]
[Source "ChessBase"]
[SourceDate "2021.10.06"]
[SourceVersion "1"]
[SourceVersionDate "2021.10.06"]
[SourceQuality "1"]
[WhiteTeam "Chrudim"]
[BlackTeam "Pardubice Rapid"]
[WhiteTeamCountry "CZE"]
[BlackTeamCountry "CZE"]

1. d4 Nf6 2. c4 e6 3. Nf3 d5 4. Nc3 Be7 5. Bg5 0-0 6. e3 Nbd7 7. Rc1 c6 8. Qc2 Ne4 9. Bxe7 Qxe7 10. Nxe4 dxe4 11. Nd2 f5 12. Be2 Nf6 13. 0-0 Kh8 14. f3 exf3 15. Nxf3 Bd7 16. Bd3 Rad8 17. e4 fxe4 18. Bxe4 Nxe4 19. Qxe4 Kg8 20. Rce1 Bc8 21. c5 Qd7 22. Qh4 Rf5 23. Re4 Rdf8 24. Rfe1 Qf7 25. h3 Rf4 26. Qg3 Rxe4 27. Rxe4 e5 28. Rxe5 h6 29. b3 Be6 30. Re1 Bd5 31. Ne5 Qf4 32. Kh2 Kh7 33. Rd1 Rf5 34. Ng4 Qe4 35. Rd2 Rf1 36. Ne3 Rc1 37. Qe5 Qb1 38. Nf5 Rh1+ 39. Kg3 Qe1+ 40. Qxe1 Rxe1 41. Kf2 Re6 42. Ne3 Rf6+ 43. Ke1 Re6 44. Re2 Be4 45. Kd2 Kg6 46. g3 h5 47. Nc4 Bd5 48. Ne5+ Kh7 49. h4 Rf6 50. Nd3 Rf3 51. Re3 Rf1 52. Nf4 Rf2+ 53. Kc3 Bf7 54. a4 Kg8 55. Nd3 Rg2 56. Ne5 Bd5 57. Ng6 Bf7 58. Ne7+ Kf8 59. Nc8 a5 60. Nd6 Bg6 61. b4 axb4+ 62. Kxb4 Rd2 63. Nxb7 Rxd4+ 64. Ka5 Bc2 65. Ra3 Ke7 66. Kb6 Rxa4 67. Rc3 Be4 68. Nd6 Bd5 69. Nf5+ Kf6 70. Ne3 Be4 71. Nc4 Bd5 72. Na5 Rb4+ 73. Kc7 Rb5 74. Nxc6 Rb3 75. Rxb3 Bxb3 76. Nd4 Ba4 77. Kd6 g5 78. c6 Bxc6 79. Nxc6 gxh4 80. gxh4 Kf5 81. Ne5 Kf6 82. Kd5 Kf5 83. Kd6 Kf6 84. Kd5 Kf5 85. Kd4 Kf4 86. Ng6+ Kf5 87. Ne5 Kf4 88. Nd3+ 1/2-1/2

[Event "CZE-chT2D 1819"]
[Site "Czech Republic"]
[Date "2018.11.18"]
[Round "3.1"]
[White "Prandstetter, Eduard"]
[Black "Sabol, Marian"]
[Result "1/2-1/2"]
[WhiteElo "2221"]
[BlackElo "2295"]
[PlyCount "28"]
[EventDate "2018.10.14"]
[EventType "team-tourn"]
[EventRounds "11"]
[EventCountry "CZE"]
[SourceTitle "EXT 2022"]
[Source "ChessBase"]
[SourceDate "2021.10.06"]
[SourceVersion "1"]
[SourceVersionDate "2021.10.06"]
[SourceQuality "1"]
[WhiteTeam "Pardubice Rapid"]
[BlackTeam "Vysoke Myto"]
[WhiteTeamCountry "CZE"]
[BlackTeamCountry "CZE"]

1. e4 c5 2. Nf3 d6 3. d4 cxd4 4. Nxd4 Nf6 5. Nc3 a6 6. Be2 e6 7. 0-0 Be7 8. f4 Qc7 9. Kh1 Nc6 10. Be3 0-0 11. Qe1 Bd7 12. Qg3 Kh8 13. Rae1 Rad8 14. Bd3 Nb4 1/2-1/2

[Event "CZE-chT2D 1718"]
[Site "Czech Republic"]
[Date "2018.02.11"]
[Round "8.1"]
[White "Prandstetter, Eduard"]
[Black "Cerveny, Petr"]
[Result "0-1"]
[WhiteElo "2228"]
[BlackElo "2309"]
[PlyCount "80"]
[EventDate "2017.10.15"]
[EventType "team-tourn"]
[EventRounds "11"]
[EventCountry "CZE"]
[SourceTitle "EXT 2022"]
[Source "ChessBase"]
[SourceDate "2021.10.06"]
[SourceVersion "1"]
[SourceVersionDate "2021.10.06"]
[SourceQuality "1"]
[WhiteTeam "Pardubice Eurobit"]
[BlackTeam "Policka Stefanydes"]
[WhiteTeamCountry "CZE"]
[BlackTeamCountry "CZE"]

1. e4 c5 2. Nf3 e6 3. d4 cxd4 4. Nxd4 Nf6 5. Nc3 d6 6. Be2 Be7 7. 0-0 0-0 8. f4 e5 9. Nb3 b6 10. Bf3 Bb7 11. Qe1 Nbd7 12. Qg3 Rc8 13. Be3 Rxc3 14. bxc3 Nxe4 15. Bxe4 Bxe4 16. Qf2 Qc7 17. fxe5 dxe5 18. Rad1 f5 19. Qe2 Qc6 20. Nd2 Bxc2 21. Rc1 Ba4 22. c4 Kh8 23. Nb1 Bb4 24. a3 Ba5 25. Nc3 Bxc3 26. Rxc3 f4 27. Bd2 Qg6 28. Kh1 Bc6 29. Rcc1 Rf5 30. Rc3 Rg5 31. Rf2 Nf6 32. Rd3 h6 33. Rd6 Bb7 34. Qf1 Qf5 35. Bc1 Ng4 36. Rfd2 Ne3 37. Rd8+ Kh7 38. Qd3 Be4 39. Qd7 Qxd7 40. R8xd7 Nxg2 0-1

[Event "Tatry op"]
[Site "Tatranska Lomnica"]
[Date "2017.10.15"]
[Round "9"]
[White "Pcola, Jaroslav"]
[Black "Prandstetter, Eduard"]
[Result "1/2-1/2"]
[WhiteElo "2083"]
[BlackElo "2236"]
[PlyCount "71"]
[EventDate "2017.10.08"]
[EventType "swiss"]
[EventRounds "9"]
[EventCountry "SVK"]
[SourceTitle "CBM 181 Extra"]
[Source "ChessBase"]
[SourceDate "2017.12.12"]
[SourceVersion "1"]
[SourceVersionDate "2017.12.12"]
[SourceQuality "1"]

1. e4 e6 2. d4 d5 3. Nd2 Nf6 4. e5 Nfd7 5. Bd3 c5 6. c3 Nc6 7. Ne2 Qb6 8. Nf3 cxd4 9. cxd4 f6 10. 0-0 fxe5 11. dxe5 Ndxe5 12. Nxe5 Nxe5 13. Be3 Bc5 14. Nf4 Bxe3 15. Qh5+ Nf7 16. fxe3 g6 17. Nxg6 hxg6 18. Qxg6 Rf8 19. Rxf7 Rxf7 20. Rf1 Qxe3+ 21. Kh1 Kd8 22. Rxf7 Bd7 23. Bb5 Qc1+ 24. Rf1 Qxb2 25. Qg5+ Kc7 26. Qg3+ e5 27. Bxd7 Kxd7 28. Qg6 Rd8 29. Rb1 Qc3 30. Qg7+ Kd6 31. Qh6+ Kd7 32. Rc1 Qd3 33. Qg7+ Ke6 34. Qh6+ Kd7 35. Qg7+ Ke6 36. Qh6+ 1/2-1/2

[Event "Tatry op"]
[Site "Tatranska Lomnica"]
[Date "2017.10.14"]
[Round "8"]
[White "Prandstetter, Eduard"]
[Black "Gasa, Patrik"]
[Result "1/2-1/2"]
[WhiteElo "2236"]
[BlackElo "2096"]
[PlyCount "60"]
[EventDate "2017.10.08"]
[EventType "swiss"]
[EventRounds "9"]
[EventCountry "SVK"]
[SourceTitle "CBM 181 Extra"]
[Source "ChessBase"]
[SourceDate "2017.12.12"]
[SourceVersion "1"]
[SourceVersionDate "2017.12.12"]
[SourceQuality "1"]

1. e4 d6 2. d4 Nf6 3. Nc3 g6 4. g3 Bg7 5. Bg2 0-0 6. Nge2 e5 7. h3 Nc6 8. Be3 exd4 9. Nxd4 Bd7 10. 0-0 Re8 11. Kh2 Ne5 12. Re1 a6 13. f4 Nc4 14. Bc1 c5 15. Nb3 Bc6 16. Nd5 Nxd5 17. exd5 Bd7 18. c3 b5 19. Nd2 Nxd2 20. Bxd2 Qb6 21. Qf3 a5 22. Rxe8+ Rxe8 23. Re1 Rxe1 24. Bxe1 b4 25. cxb4 cxb4 26. Qe2 Bb5 27. Qc2 Bd4 28. a3 Qc5 29. Qe4 Bg1+ 30. Kh1 Bd4 1/2-1/2

[Event "Tatry op"]
[Site "Tatranska Lomnica"]
[Date "2017.10.11"]
[Round "5"]
[White "Kopecek, Ivan"]
[Black "Prandstetter, Eduard"]
[Result "0-1"]
[WhiteElo "1930"]
[BlackElo "2236"]
[PlyCount "78"]
[EventDate "2017.10.08"]
[EventType "swiss"]
[EventRounds "9"]
[EventCountry "SVK"]
[SourceTitle "CBM 181 Extra"]
[Source "ChessBase"]
[SourceDate "2017.12.12"]
[SourceVersion "1"]
[SourceVersionDate "2017.12.12"]
[SourceQuality "1"]

1. e4 e6 2. d4 d5 3. exd5 exd5 4. Nf3 Nf6 5. Bd3 Be7 6. Bf4 0-0 7. 0-0 c6 8. Nc3 Bg4 9. h3 Bh5 10. g4 Bg6 11. Ne5 Bxd3 12. Qxd3 Nbd7 13. Rae1 Nxe5 14. Bxe5 Re8 15. Ne2 Ne4 16. Ng3 Nxg3 17. Qxg3 Qd7 18. Re2 f6 19. Bf4 Bb4 20. Rxe8+ Rxe8 21. c3 Bf8 22. g5 fxg5 23. Be5 Re6 24. f4 gxf4 25. Qxf4 Qe8 26. Kh2 Bd6 27. Bxd6 Rf6 28. Qf2 Rxf2+ 29. Rxf2 h6 30. Rf8+ Qxf8 31. Bxf8 Kxf8 32. Kg3 Kf7 33. Kf4 Kf6 34. Kg4 g6 35. h4 g5 36. h5 Ke6 37. b3 b5 38. a4 bxa4 39. bxa4 a5 0-1

[Event "Tatry op"]
[Site "Tatranska Lomnica"]
[Date "2017.10.10"]
[Round "4"]
[White "Prandstetter, Eduard"]
[Black "Nemsak, Denis"]
[Result "1-0"]
[WhiteElo "2236"]
[BlackElo "2039"]
[PlyCount "77"]
[EventDate "2017.10.08"]
[EventType "swiss"]
[EventRounds "9"]
[EventCountry "SVK"]
[SourceTitle "CBM 181 Extra"]
[Source "ChessBase"]
[SourceDate "2017.12.12"]
[SourceVersion "1"]
[SourceVersionDate "2017.12.12"]
[SourceQuality "1"]

1. e4 d5 2. exd5 Nf6 3. d4 Nxd5 4. c4 Nb6 5. Be3 g6 6. Nc3 Bg7 7. Nf3 0-0 8. h3 Nc6 9. Rc1 e5 10. d5 Ne7 11. Be2 Nf5 12. Bg5 f6 13. Bd2 Re8 14. c5 Nd7 15. Ne4 Nd4 16. Bc4 b5 17. Bb3 Kh8 18. 0-0 h6 19. d6 f5 20. dxc7 Qxc7 21. Nd6 Re7 22. Nxd4 exd4 23. Qf3 Rb8 24. Bf4 Ne5 25. Bxe5 Bxe5 26. Qd5 Bd7 27. Nf7+ Kh7 28. Nxe5 Qxe5 29. c6 Qxd5 30. Bxd5 Be8 31. c7 Rc8 32. Rfe1 Rxe1+ 33. Rxe1 Kg7 34. Re7+ Kf6 35. Rh7 d3 36. Kf1 b4 37. Bb7 Bb5 38. Ke1 Re8+ 39. Kd1 1-0

[Event "CZE-chT2D 1617"]
[Site "Czech Republic"]
[Date "2017.03.19"]
[Round "10.1"]
[White "Prandstetter, Eduard"]
[Black "Seidl, Stepan"]
[Result "1-0"]
[WhiteElo "2235"]
[BlackElo "2244"]
[PlyCount "85"]
[EventDate "2016.10.09"]
[EventType "team-tourn"]
[EventRounds "11"]
[EventCountry "CZE"]
[SourceTitle "EXT 2022"]
[Source "ChessBase"]
[SourceDate "2021.10.06"]
[SourceVersion "1"]
[SourceVersionDate "2021.10.06"]
[SourceQuality "1"]
[WhiteTeam "Pardubice Rapid II"]
[BlackTeam "Jihlava Gambit"]
[WhiteTeamCountry "CZE"]
[BlackTeamCountry "CZE"]

1. e4 c5 2. Nf3 Nc6 3. d4 cxd4 4. Nxd4 g6 5. Nc3 Bg7 6. Be3 Nf6 7. Bc4 0-0 8. Bb3 d6 9. f3 Na5 10. Qd2 Rb8 11. 0-0-0 Bd7 12. Bh6 b5 13. Bxg7 Kxg7 14. g4 e5 15. Nde2 Nxb3+ 16. axb3 Rb6 17. Kb1 Be6 18. Nc1 Qc7 19. Nd3 a5 20. g5 Nh5 21. f4 b4 22. Nd5 Bxd5 23. exd5 a4 24. bxa4 b3 25. fxe5 Ra8 26. exd6 bxc2+ 27. Qxc2 Qxd6 28. Qc3+ Kg8 29. Ne5 Rxa4 30. Nc4 Rxc4 31. Qxc4 Qd7 32. Rhf1 Ng7 33. Rf6 Rxf6 34. gxf6 Ne8 35. Qf4 Nd6 36. Re1 h5 37. Re7 Qd8 38. Qe5 Kh7 39. h4 Kg8 40. Qe3 Qb8 41. Qc5 Nf5 42. Qc7 Qf8 43. Rd7 1-0

[Event "CZE-chT2D 1617"]
[Site "Czech Republic"]
[Date "2017.01.29"]
[Round "7.1"]
[White "Cerveny, Petr"]
[Black "Prandstetter, Eduard"]
[Result "1/2-1/2"]
[WhiteElo "2286"]
[BlackElo "2235"]
[PlyCount "86"]
[EventDate "2016.10.09"]
[EventType "team-tourn"]
[EventRounds "11"]
[EventCountry "CZE"]
[SourceTitle "EXT 2022"]
[Source "ChessBase"]
[SourceDate "2021.10.06"]
[SourceVersion "1"]
[SourceVersionDate "2021.10.06"]
[SourceQuality "1"]
[WhiteTeam "Policka Stefanydes"]
[BlackTeam "Pardubice Rapid II"]
[WhiteTeamCountry "CZE"]
[BlackTeamCountry "CZE"]

1. e4 e6 2. d4 d5 3. Nc3 Bb4 4. e5 c5 5. Bd2 Nc6 6. Nb5 Bxd2+ 7. Qxd2 Nxd4 8. Nxd4 cxd4 9. f4 Ne7 10. Nf3 Nc6 11. 0-0-0 Qb6 12. h4 Bd7 13. Rh3 Rc8 14. Kb1 Qa5 15. Qxa5 Nxa5 16. Nxd4 Nc6 17. Rg3 Nxd4 18. Rxd4 g6 19. b3 Ke7 20. Kb2 Rhf8 21. a4 Rc7 22. Rc3 Rxc3 23. Kxc3 f6 24. exf6+ Rxf6 25. Be2 Bc6 26. b4 a6 27. b5 axb5 28. axb5 Bd7 29. Kb4 b6 30. g3 Rf8 31. Rd1 Ra8 32. Rh1 h5 33. Bd3 Be8 34. Re1 Kf6 35. Rb1 Ra7 36. Re1 Ra8 37. Rc1 Ra2 38. Kb3 Ra5 39. Kb4 Ra2 40. Rb1 Ra7 41. Kc3 Ra4 42. Re1 Ra5 43. Kb4 Ra8 1/2-1/2

[Event "CZE-chT2D 1516"]
[Site "Czech Republic"]
[Date "2016.04.03"]
[Round "10.1"]
[White "Jedlicka, Ales"]
[Black "Prandstetter, Eduard"]
[Result "1-0"]
[WhiteElo "2280"]
[BlackElo "2241"]
[PlyCount "65"]
[EventDate "2015.10.18"]
[EventType "team-tourn"]
[EventRounds "11"]
[EventCountry "CZE"]
[SourceTitle "EXT 2022"]
[Source "ChessBase"]
[SourceDate "2021.10.06"]
[SourceVersion "1"]
[SourceVersionDate "2021.10.06"]
[SourceQuality "1"]
[WhiteTeam "Polabiny II"]
[BlackTeam "Pardubice Rapid II"]
[WhiteTeamCountry "CZE"]
[BlackTeamCountry "CZE"]

1. d4 Nf6 2. c4 e6 3. Nf3 d5 4. g3 Be7 5. Bg2 0-0 6. 0-0 Nbd7 7. Qc2 c6 8. Nbd2 b6 9. e4 Bb7 10. e5 Ne8 11. cxd5 cxd5 12. Re1 Qc7 13. Qa4 Qc6 14. Qb3 Rc8 15. Bf1 Nc7 16. h4 Ba6 17. Bxa6 Nxa6 18. Nf1 b5 19. Bg5 Bxg5 20. hxg5 Nb6 21. Ne3 Nb8 22. Kg2 N8d7 23. Rh1 Nc4 24. Ng4 f5 25. gxf6 gxf6 26. Qd3 f5 27. b3 Ncb6 28. Qd2 f4 29. Rac1 Qb7 30. Rxc8 Rxc8 31. Qxf4 Nf8 32. Nf6+ Kh8 33. Nxh7 1-0

[Event "Prague Summer op 2nd"]
[Site "Prague"]
[Date "2015.08.09"]
[Round "3"]
[White "Nilsen, Joachim Birger"]
[Black "Prandstetter, Eduard"]
[Result "1-0"]
[WhiteElo "2362"]
[BlackElo "2243"]
[PlyCount "75"]
[EventDate "2015.08.07"]
[EventType "swiss"]
[EventRounds "9"]
[EventCountry "CZE"]
[SourceTitle "CBM 167 Extra"]
[Source "ChessBase"]
[SourceDate "2015.09.14"]
[SourceVersion "1"]
[SourceVersionDate "2015.09.14"]
[SourceQuality "1"]

1. d4 Nf6 2. c4 e6 3. g3 d5 4. Nf3 Be7 5. Bg2 0-0 6. 0-0 Nbd7 7. Qc2 c6 8. Nbd2 b6 9. e4 Bb7 10. e5 Ne8 11. cxd5 cxd5 12. Re1 Qc7 13. Qa4 Qc6 14. Qb3 Rc8 15. Bf1 Nc7 16. Bd3 Ba6 17. Bb1 Rfe8 18. Nf1 Nf8 19. h4 Bb5 20. Bd2 Na6 21. a3 Qd7 22. Qd1 Nb8 23. Ne3 a5 24. Ng4 a4 25. h5 Qd8 26. Bc2 Qd7 27. h6 f5 28. hxg7 fxg4 29. gxf8Q+ Rxf8 30. Nh2 Rf7 31. Nxg4 Kh8 32. Rc1 Rcf8 33. Be3 Bd8 34. Kg2 Qe8 35. Rh1 Ra7 36. Rh6 Kg8 37. Nf6+ Bxf6 38. exf6 1-0

[Event "Prague Summer op 2nd"]
[Site "Prague"]
[Date "2015.08.07"]
[Round "1"]
[White "Polak, Jiri"]
[Black "Prandstetter, Eduard"]
[Result "0-1"]
[WhiteElo "1938"]
[BlackElo "2243"]
[PlyCount "60"]
[EventDate "2015.08.07"]
[EventType "swiss"]
[EventRounds "9"]
[EventCountry "CZE"]
[SourceTitle "CBM 167 Extra"]
[Source "ChessBase"]
[SourceDate "2015.09.14"]
[SourceVersion "1"]
[SourceVersionDate "2015.09.14"]
[SourceQuality "1"]

1. e4 e6 2. d4 d5 3. Nc3 Bb4 4. exd5 exd5 5. Qf3 Qe7+ 6. Nge2 Nc6 7. Qd3 Nf6 8. Bg5 h6 9. Bxf6 Qxf6 10. 0-0-0 Be6 11. a3 Bxc3 12. Nxc3 Qxf2 13. Be2 Qf4+ 14. Kb1 0-0-0 15. Na4 Ne5 16. Qb3 Nd7 17. Bf3 c6 18. Qb4 Qc7 19. Rc1 Nf6 20. Rhd1 Rhe8 21. b3 Bf5 22. Kb2 Be4 23. c4 Bxf3 24. gxf3 Qxh2+ 25. Kb1 Qd6 26. Qa5 Kb8 27. c5 Qc7 28. Nb6 Re3 29. Qd2 Rxb3+ 30. Ka2 Rxf3 0-1

[Event "Prague Summer op 1st"]
[Site "Prague"]
[Date "2014.08.13"]
[Round "6"]
[White "Plischki, Sebastian"]
[Black "Prandstetter, Eduard"]
[Result "1-0"]
[WhiteElo "2410"]
[BlackElo "2269"]
[PlyCount "115"]
[EventDate "2014.08.09"]
[EventType "swiss"]
[EventRounds "9"]
[EventCountry "CZE"]
[SourceTitle "CBM 162 Extra"]
[Source "ChessBase"]
[SourceDate "2014.10.17"]
[SourceVersion "1"]
[SourceVersionDate "2014.10.17"]
[SourceQuality "1"]

1. d4 Nf6 2. c4 e6 3. g3 d5 4. Bg2 Be7 5. Nf3 0-0 6. 0-0 Nbd7 7. Qc2 c6 8. Nbd2 b6 9. e4 Bb7 10. e5 Ne8 11. cxd5 cxd5 12. Re1 Rc8 13. Qa4 Qc7 14. Bf1 Bc6 15. Qd1 Nb8 16. Bd3 Qd7 17. Nf1 Bb5 18. Bb1 Rc7 19. h4 Nc6 20. Bg5 Bxf1 21. Kxf1 g6 22. Kg2 Bxg5 23. hxg5 Kg7 24. Rh1 Rh8 25. a3 Qd8 26. Bd3 Ne7 27. Qd2 Ng8 28. Rh4 Ne7 29. Rah1 Nf5 30. R4h3 Qd7 31. g4 Ne7 32. Qf4 Qa4 33. Ng1 b5 34. Ne2 b4 35. b3 Qa5 36. a4 a6 37. Rh4 Qb6 38. R1h3 Nc6 39. Qe3 Na5 40. Bb1 Nc6 41. f4 Ne7 42. Qg1 Kg8 43. Qh2 Kf8 44. Rxh7 Rxh7 45. Rxh7 Nc6 46. Qh6+ Ke7 47. Bxg6 Nxd4 48. Rxf7+ Kd8 49. Rf8 Re7 50. Bxe8 Nxe2 51. Bb5+ Kc7 52. Bxe2 Qe3 53. Bf3 Qd2+ 54. Kg3 Qe1+ 55. Kh2 Kb6 56. Bg2 Qf2 57. g6 Ka5 58. Qg5 1-0